| 000 | 01703nam a2200421 a 4500 | ||
|---|---|---|---|
| 001 | ebr10452838 | ||
| 003 | CaPaEBR | ||
| 006 | m u | ||
| 007 | cr cn||||||||| | ||
| 008 | 070129s2006 be a sb 000 0 eng d | ||
| 010 | _z 2007370283 | ||
| 020 | _z9058675785 | ||
| 020 | _z9789058675781 | ||
| 020 | _z9789461660220 (e-book) | ||
| 040 |
_aCaPaEBR _cCaPaEBR |
||
| 035 | _a(OCoLC)715171961 | ||
| 041 | 0 |
_aeng _adut |
|
| 043 |
_ae-uk-en _ae-ne--- |
||
| 050 | 1 | 4 |
_aPR129.N4 _bT48 2006eb |
| 245 | 0 | 0 |
_aTextual mobility and cultural transmission _h[electronic resource] = _bTekstmobiliteit en culturele overdracht / _cMartine de Clercq, Tom Toremans and Walter Verschueren (red.). |
| 246 | 3 | 1 | _aTekstmobiliteit en culturele overdracht |
| 260 |
_aLeuven, Belgium : _bLeuven University Press, _c2006. |
||
| 300 |
_a115 p. : _bill. |
||
| 504 | _aIncludes bibliographical references. | ||
| 533 |
_aElectronic reproduction. _bPalo Alto, Calif. : _cebrary, _d2013. _nAvailable via World Wide Web. _nAccess may be limited to ebrary affiliated libraries. |
||
| 546 | _aTexts in English and Dutch. | ||
| 650 | 0 |
_aEnglish literature _xAppreciation _zNetherlands. |
|
| 650 | 0 |
_aEnglish literature _xTranslations into Dutch _xHistory and criticism. |
|
| 650 | 0 |
_aEnglish literature _xCriticism, Textual. |
|
| 650 | 0 | _aTranslating and interpreting. | |
| 650 | 0 | _aLanguage and culture. | |
| 655 | 7 |
_aElectronic books. _2local |
|
| 700 | 1 | _aClercq, Martine de. | |
| 700 | 1 | _aToremans, Tom. | |
| 700 | 1 | _aVerschueren, Walter. | |
| 710 | 2 | _aebrary, Inc. | |
| 856 | 4 | 0 |
_uhttp://site.ebrary.com/lib/rucke/Doc?id=10452838 _zAn electronic book accessible through the World Wide Web; click to view |
| 999 |
_c139898 _d139898 |
||